000 00317nam a22001337a 4500
003 SGT
020 _a9789395039062
082 _a543.8
_bBIR
100 _aBIRAJDAR ARUNADEVI S
245 _aBASIC PRINCIPLES OF CHROMATOGRAPHY AND HPLC
260 _aINDIA
_bPHARMAMED PUB
_c2023
300 _a122
942 _2ddc
_cBK
999 _c34444
_d34444